| 000 | 00380nam a2200157Ia 4500 | ||
|---|---|---|---|
| 008 | 220805s9999 xx 000 0 und d | ||
| 020 | _a81-85944-04-0 | ||
| 041 | _aeng | ||
| 082 | _a153.8002 | ||
| 100 |
_aStaples, Walter Doyle _988491 |
||
| 260 |
_aNew Delhi _bUBSPD _c1996 |
||
| 245 | _aThink Like a winer | ||
| 250 | _a4 | ||
| 300 | _a287 | ||
| 650 |
_aHuman psychology _988492 |
||
| 999 |
_c48698 _d48698 |
||